Teoría y método en economía / (Registro nro. 5546)

Detalles MARC
000 -LEADER
fixed length control field 01142nam a2200289Ia 4500
003 - CONTROL NUMBER IDENTIFIER
control field OSt
005 - DATE AND TIME OF LATEST TRANSACTION
control field 20200626181041.0
008 - FIXED-LENGTH DATA ELEMENTS--GENERAL INFORMATION
fixed length control field 191128s1960 sp ad gr 001 0dspa d
040 ## - CATALOGING SOURCE
Original cataloging agency CO-JMCR
Transcribing agency CO-JMCR
041 ## - LANGUAGE CODE
Language code of text/sound track or separate title spa
Language code of original eng
082 04 - DEWEY DECIMAL CLASSIFICATION NUMBER
Classification number 330.157 /
Item number Z287t
Edition number 23
100 1# - MAIN ENTRY--PERSONAL NAME
Personal name Zeuthen, F.,
Relator term autor
9 (RLIN) 6277
245 10 - TITLE STATEMENT
Title Teoría y método en economía /
Statement of responsibility, etc. F. Zeuthen ; traducción del inglés y prólogo de Pedro Mayor Mayor
260 ## - PUBLICATION, DISTRIBUTION, ETC.
Place of publication, distribution, etc. Madrid :
Name of publisher, distributor, etc. Aguilar,
Date of publication, distribution, etc. 1960.
300 ## - PHYSICAL DESCRIPTION
Extent 432 páginas :
Other physical details gráficos a blanco y negro ;
Dimensions 21 cm.
490 0# - SERIES STATEMENT
Series statement Biblioteca de ciencias sociales. Sección primera: economía
500 ## - GENERAL NOTE
General note Incluye índice alfabético de autores y materias.
504 ## - BIBLIOGRAPHY, ETC. NOTE
Bibliography, etc. note Bibliografía: páginas 413-417.
505 0# - FORMATTED CONTENTS NOTE
Formatted contents note Método y teorías -- La vida económica -- Dinámica -- Formas de mercado y estructura de la sociedad
534 ## - ORIGINAL VERSION NOTE
Introductory phrase Economic theory and metod
546 ## - LANGUAGE NOTE
Language note Traducido del inglés
650 14 - SUBJECT ADDED ENTRY--TOPICAL TERM
Topical term or geographic name entry element Teoría económica
9 (RLIN) 6278
650 24 - SUBJECT ADDED ENTRY--TOPICAL TERM
Topical term or geographic name entry element Modelos econométricos
9 (RLIN) 5178
650 24 - SUBJECT ADDED ENTRY--TOPICAL TERM
Topical term or geographic name entry element Economía
General subdivision Metodología en economía
9 (RLIN) 6279
700 1# - ADDED ENTRY--PERSONAL NAME
Personal name Mayor Mayor, Pedro,
Relator term traductor
9 (RLIN) 6280
942 ## - ADDED ENTRY ELEMENTS (KOHA)
Source of classification or shelving scheme Dewey Decimal Classification
Koha item type Books
Existencias
Withdrawn status Lost status Source of classification or shelving scheme Materials specified (bound volume or other part) Damaged status Not for loan Home library Current library Shelving location Date acquired Source of acquisition Cost, normal purchase price Total Checkouts Full call number Barcode Date last seen Copy number Price effective from Koha item type
    Dewey Decimal Classification Donación--15/04/2018--     Biblioteca Pública José María del Castillo y Rada Biblioteca Pública José María del Castillo y Rada General Stacks 11/28/2019 Donación 0.00   330.157 / Z287t 430002064 05/16/2024 Ej.1 11/28/2019 Books